000 00308nam a22001337a 4500
008 180301b xxu||||| |||| 00| 0 eng d
020 _a92549
041 _aeng
080 _a101
100 _a24
101 _aFIL
245 _aThe Philosophy of the 16th and 17th Centuries
_cPopkin, R.H
942 _2udc
_cBK
999 _c43791
_d43791